000 00908nam a22001935i 4500
001 156028
003 ES-MaACL
005 20230906210309.0
008 020509s1894 sp |||| | spa d
040 _aNA
_bspa
_cNA
110 0 _aInstituto Provincial de Segunda Enseñanza de Navarra.
_95223
245 1 0 _aMemoria sobre el estado del Instituto Provincial de 2ª Enseñanza de Navarra /
_cleída el día 1º de Octubre en la solemne apertura del curso académico de 1894 á 1895 por Severo Simavilla y Sagastibelza.
260 _aPamplona :
_b[s.n.],
_c1894 (
_fImprenta Provincial)
300 _a73 p. ;
_c23 cm.
510 4 _aPérez Goyena,
_c7399
610 2 4 _aInstituto Provincial de Segunda Enseñanza de Navarra-
_vMemorias.
_9134531
700 2 1 _aSimavilla y Sagastibelza, Severo.
_9132752
852 _aES-MaACL
_jT-868-F-6
_z-- Enc. hol. conservando la cub. original
_z-- Enc. en un vol. facticio
999 _c156028
_d156028